00414nam a2200157Ia 4500001000500000005001700005008004100022041000800063082001500071100003000086245009000116260000900206300002500215650000800240654000800248940820260306161716.0260306t2008||||xx |||||||||||||| ||spa|| aESP a378.8bR19 aRama Vitale, ClaudioeAUT 0aTendencias de la educación superior en América Latina y el Caribe en el siglo XXI c2008 a286 páginas :ccm. aGEN aCED